• 首页
  • 本馆介绍
  • 公告通知
  • 最新文献
  • 馆藏检索
  • 电子资源
  • 读者导购
  • 参考咨询
  • 我的图书馆
  • 登录
  • 详细信息显示
  • 放入我的书架
  • 预约/预借图书
  • 作者相关作品
  • 分类相关作品
  • 丛书相关作品
  • 出版社相关作品

书目信息

  • 表格格式
  • 工作单格式
  • 卡片格式
题名:
中华二千年史
    
 
作者: 邓之诚 著 ;娄建勇 , 陈虎 点校
分册: 卷四   宋辽金夏元
出版信息: 北京   中华书局  2019
页数: 460页
开本: 21cm
丛书名:
单 册:
中图分类: K22 , K244
科图分类:
主题词: 中国历史--zhong guo li shi--古代史 , 辽宋金元时代--liao song jin yuan shi dai--历史 , 西夏--xi xia--历史
电子资源:
ISBN: 978-7-101-13844-3
000 01057nam0 2200289 450
001 011029202415
005 20211031090837.62
010    @a978-7-101-13844-3@dCNY36.00(全9册320.00)
100    @a20190910d2019 em y0chiy0120 ea
101 0  @achi
102    @aCN@b110000
105    @ay z 000yy
106    @ar
200 1  @a中华二千年史@Azhong hua er qian nian shi@h卷四@i宋辽金夏元@f邓之诚著@g娄建勇,陈虎点校
210    @a北京@c中华书局@d2019
215    @a460页@d21cm
330    @a本书介绍了宋辽金夏元的历史,内容包括:宋世系(附宋世系表)、辽世系(附辽世系表)、金世系(附金世系表)、夏世系(附夏世系表)、元世系(附元世系表)、宋辽金元之社会。
606 0  @a中国历史@Azhong guo li shi@x古代史
606 0  @a辽宋金元时代@Aliao song jin yuan shi dai@x历史
606 0  @a西夏@Axi xia@x历史
690    @aK22@v5
690    @aK244@v5
701  0 @a邓之诚@Adeng zhi cheng@f(1887-1960)@4著
702  0 @a娄建勇@Alou jian yong@4点校
702  0 @a陈虎@Achen hu@c(历史学)@4点校
801  0 @aCN@b百万庄@c20211029
905    @b1312529-530@dK22@e156:4@f2
    
    中华二千年史.卷四.宋辽金夏元/邓之诚著/娄建勇,陈虎点校.-北京:中华书局,2019
    460页;21cm
    
    
    ISBN 978-7-101-13844-3:CNY36.00(全9册320.00)
    本书介绍了宋辽金夏元的历史,内容包括:宋世系(附宋世系表)、辽世系(附辽世系表)、金世系(附金世系表)、夏世系(附夏世系表)、元世系(附元世系表)、宋辽金元之社会。
●
相关链接 在E读中查询图书 在五车中查询图书 在当当中查询图书 在豆瓣中查询图书


正题名:中华二千年史     索取号:K22/156:4         预约/预借

序号 登录号 条形码 馆藏地/架位号 状态 备注
1 1312529   213125296   第二样本阅览室/ [索取号:K22/156:4] 在馆    
2 1312530   213125303   第二借阅区/ [索取号:K22/156:4] 在馆    
唐山师范学院图书馆 欢迎您!
大连网信软件有限公司© 版权所有